Mathematical Understanding of Nature (Record no. 60164)
[ view plain ]
| 000 -LEADER | |
|---|---|
| fixed length control field | 00543nam a22001817a 4500 |
| 005 - DATE & TIME | |
| control field | 20260130131009.0 |
| 008 - FIXED-LENGTH DATA ELEMENTS--GENERAL INFORMATION | |
| fixed length control field | 260130b |||||||| |||| 00| 0 eng d |
| 020 ## - ISBN | |
| International Standard Book Number | 9781470438388 |
| Price | 1645.00 |
| 040 ## - CATALOGING SOURCE | |
| Original cataloging agency | Doon University |
| 041 ## - Language | |
| Language | English |
| 082 ## - DDC NUMBER | |
| Classification number | 510 |
| Book Number | ARN |
| 100 ## - MAIN ENTRY--PERSONAL NAME | |
| Personal name | Arnold, V. I. |
| 245 ## - TITLE STATEMENT | |
| Title | Mathematical Understanding of Nature |
| Sub Title | : Essays on Amazing Physical Phenomena and Their Understanding by Mathematicians |
| 260 ## - PUBLICATION, DISTRIBUTION, ETC. (IMPRINT) | |
| Place of publication, distribution, etc | Hyderabad |
| Name of publisher, distributor, etc | University Press |
| Date of publication, distribution, etc | 2023 |
| 300 ## - PHYSICAL DESCRIPTION | |
| Pages | 167 |
| 650 ## - Subject | |
| Subject | Mathematics |
| 942 ## - ADDED ENTRY ELEMENTS (KOHA) | |
| Koha item type | Books |
| 100 ## - MAIN ENTRY--PERSONAL NAME | |
| -- | 26114 |
| 650 ## - Subject | |
| -- | 133 |
| 952 ## - LOCATION AND ITEM INFORMATION (KOHA) | |
| -- | 2026-01-30 |
| 952 ## - LOCATION AND ITEM INFORMATION (KOHA) | |
| -- | 2026-01-30 |
| 952 ## - LOCATION AND ITEM INFORMATION (KOHA) | |
| -- | 2026-01-30 |
| Withdrawn status | Lost status | Source of classification or shelving scheme | Damaged status | Not for loan | Location (home branch) | Sublocation or collection (holding branch) | Date acquired | Koha issues (times borrowed) | Koha full call number | Accession No. | Koha date last seen | Koha item type |
|---|---|---|---|---|---|---|---|---|---|---|---|---|
| Doon University | Doon University | 30.01.2026 | 510 ARN | 51579 | 30.01.2026 | Books | ||||||
| Doon University | Doon University | 30.01.2026 | 510 ARN | 51580 | 30.01.2026 | Books | ||||||
| Doon University | Doon University | 30.01.2026 | 510 ARN | 51578 | 30.01.2026 | Books |